[Event "Pan American"]
[Site "San Felipe"]
[Date "1998.10.25"]
[Round "1"]
[White "Lesiege, Alexandre"]
[Black "Sequera Paolini, Jose Rafael"]
[Result "1-0"]
[WhiteElo "2525"]
[BlackElo "2340"]
[WhiteFideId "-1"]
[WhiteFideId "-1"]
[PlyCount "109"]
[GameId "1166641371832320"]
[EventDate "1998.10.25"]
[EventType "tourn"]
[EventRounds "9"]
[EventCountry "VEN"]
[EventCategory "9"]
[SourceTitle "CBM 067 Extra"]
[Source "ChessBase"]
[SourceDate "1999.01.01"]
[SourceVersion "1"]
[SourceVersionDate "1999.01.01"]
[SourceQuality "1"]

1. d4 e6 2. c4 Nf6 3. Nc3 Bb4 4. e3 b6 5. Bd3 Bb7 6. Nf3 O-O 7. O-O Bxc3 8. bxc3 c5 9. Nd2 Nc6 10. e4 cxd4 11. cxd4 Nxd4 12. e5 Ne8 13. Ba3 d6 14. Re1 f5 15. Bf1 Qg5 16. exd6 Rd8 17. c5 Rf6 18. Ne4 Nf3+ 19. Qxf3 fxe4 20. Qe3 Qxe3 21. fxe3 Bd5 22. cxb6 axb6 23. Rab1 Nxd6 24. Rxb6 Nf5 25. Bb2 Rf7 26. a4 Ra7 27. Bb5 Nd6 28. Rc1 Nxb5 29. axb5 Rdd7 30. Rb8+ Kf7 31. b6 Rab7 32. Rxb7 Rxb7 33. Bd4 Ke7 34. Kf2 Kd6 35. Rc8 e5 36. Rd8+ Ke7 37. Rxd5 exd4 38. exd4 Rxb6 39. Re5+ Kf7 40. Rxe4 Rb2+ 41. Kf3 Rd2 42. Rg4 Kf6 43. Ke3 Rd1 44. Ke4 g5 45. Rg3 Rd2 46. Ke3 Rd1 47. Rf3+ Ke6 48. Rh3 Re1+ 49. Kf3 Rd1 50. Rh6+ Kf7 51. Rxh7+ Kg6 52. Rd7 Rd2 53. h3 Kf5 54. Rd5+ Kf6 55. g3 1-0

[Event "Pan American"]
[Site "San Felipe"]
[Date "1998.10.26"]
[Round "2"]
[White "Lesiege, Alexandre"]
[Black "Ginzburg, Maximiliano"]
[Result "1-0"]
[WhiteElo "2525"]
[BlackElo "2490"]
[WhiteFideId "-1"]
[WhiteFideId "-1"]
[PlyCount "83"]
[GameId "1166641371852800"]
[EventDate "1998.10.25"]
[EventType "tourn"]
[EventRounds "9"]
[EventCountry "VEN"]
[EventCategory "9"]
[SourceTitle "CBM 067 Extra"]
[Source "ChessBase"]
[SourceDate "1999.01.01"]
[SourceVersion "1"]
[SourceVersionDate "1999.01.01"]
[SourceQuality "1"]

1. c4 e5 2. Nc3 Nc6 3. g3 g6 4. Bg2 Bg7 5. d3 d6 6. Rb1 a5 7. a3 f5 8. e3 Nf6 9. Nge2 O-O 10. O-O Ne7 11. b4 axb4 12. axb4 c6 13. b5 Be6 14. Qb3 Bf7 15. Rd1 d5 16. Ba3 Re8 17. Ra1 Rc8 18. Rac1 g5 19. Rc2 Ng6 20. cxd5 cxd5 21. d4 e4 22. Bh3 f4 23. Bxc8 Qxc8 24. Nxe4 dxe4 25. Rxc8 Bxb3 26. Rxe8+ Nxe8 27. Rc1 fxe3 28. fxe3 Bf8 29. Rc8 Bxa3 30. Rxe8+ Kf7 31. Rb8 Ke6 32. Rxb7 Ne7 33. Nc3 Bc1 34. Kf2 Nf5 35. Nxe4 Bxe3+ 36. Ke1 Kd5 37. Nc5 Bc2 38. Rd7+ Kc4 39. b6 Bxd4 40. b7 Be5 41. Ne6 Be4 42. Nxg5 1-0

[Event "Pan American"]
[Site "San Felipe"]
[Date "1998.10.27"]
[Round "3"]
[White "Serper, Grigory"]
[Black "Lesiege, Alexandre"]
[Result "1/2-1/2"]
[WhiteElo "2535"]
[BlackElo "2525"]
[WhiteFideId "-1"]
[WhiteFideId "-1"]
[PlyCount "42"]
[GameId "1166641371881472"]
[EventDate "1998.10.25"]
[EventType "tourn"]
[EventRounds "9"]
[EventCountry "VEN"]
[EventCategory "9"]
[SourceTitle "CBM 067 Extra"]
[Source "ChessBase"]
[SourceDate "1999.01.01"]
[SourceVersion "1"]
[SourceVersionDate "1999.01.01"]
[SourceQuality "1"]

1. c4 c5 2. Nf3 Nf6 3. Nc3 Nc6 4. d4 cxd4 5. Nxd4 e6 6. g3 Bb4 7. Bg2 d5 8. O-O O-O 9. cxd5 exd5 10. Nc2 Bxc3 11. bxc3 Be6 12. Rb1 Qc8 13. Nd4 Na5 14. Nxe6 fxe6 15. Bg5 Qxc3 16. e4 Nxe4 17. Bxe4 dxe4 18. Bd2 Qe5 19. Bxa5 Qxa5 20. Rxb7 Qe5 21. Qe2 a5 1/2-1/2

[Event "Pan American"]
[Site "San Felipe"]
[Date "1998.10.29"]
[Round "4"]
[White "Lesiege, Alexandre"]
[Black "Paschall, William"]
[Result "1-0"]
[WhiteElo "2525"]
[BlackElo "2365"]
[WhiteFideId "-1"]
[WhiteFideId "-1"]
[PlyCount "89"]
[GameId "1166641371893760"]
[EventDate "1998.10.25"]
[EventType "tourn"]
[EventRounds "9"]
[EventCountry "VEN"]
[EventCategory "9"]
[SourceTitle "CBM 067 Extra"]
[Source "ChessBase"]
[SourceDate "1999.01.01"]
[SourceVersion "1"]
[SourceVersionDate "1999.01.01"]
[SourceQuality "1"]

1. d4 Nf6 2. c4 e6 3. Nc3 Bb4 4. e3 O-O 5. Bd3 d5 6. Nf3 b6 7. O-O Bb7 8. cxd5 exd5 9. a3 Bd6 10. b4 Nbd7 11. Qb3 a6 12. a4 Qe7 13. Ba3 a5 14. b5 Rfe8 15. Rfc1 Ne4 16. Rc2 Bxa3 17. Rxa3 Rad8 18. Ra1 Ndc5 19. dxc5 Nxc5 20. Bxh7+ Kxh7 21. Qb1 Kg8 22. Nd4 Qe5 23. Nce2 Rd6 24. Qc1 Rh6 25. Ng3 Nd3 26. Qd1 Nb4 27. Nf3 Qxa1 28. Qxa1 Nxc2 29. Qc3 Nb4 30. Qxc7 Bc8 31. Ne5 Rf6 32. f4 g6 33. Ne2 d4 34. Nxd4 Nd5 35. Qc1 Rd6 36. e4 Ne7 37. Qc4 Be6 38. Nxe6 Rxe6 39. Qc7 g5 40. f5 Rc8 41. Qxc8+ Nxc8 42. fxe6 fxe6 43. Nc4 Kg7 44. Kf2 Kf6 45. Ke3 1-0

[Event "Pan American"]
[Site "San Felipe"]
[Date "1998.10.30"]
[Round "5"]
[White "Dumont, Sadi Glasser"]
[Black "Lesiege, Alexandre"]
[Result "0-1"]
[WhiteElo "2365"]
[BlackElo "2525"]
[WhiteFideId "-1"]
[WhiteFideId "-1"]
[PlyCount "80"]
[GameId "1166641371906048"]
[EventDate "1998.10.25"]
[EventType "tourn"]
[EventRounds "9"]
[EventCountry "VEN"]
[EventCategory "9"]
[SourceTitle "CBM 067 Extra"]
[Source "ChessBase"]
[SourceDate "1999.01.01"]
[SourceVersion "1"]
[SourceVersionDate "1999.01.01"]
[SourceQuality "1"]

1. e4 c6 2. d4 d5 3. e5 Bf5 4. Nf3 e6 5. c4 dxc4 6. Bxc4 Nd7 7. Nc3 Nb6 8. Bb3 Ne7 9. Nh4 Bg6 10. Bg5 Qd7 11. O-O Nf5 12. Nxf5 Bxf5 13. a4 h6 14. Be3 a5 15. g4 Bh7 16. f4 Bb4 17. Qf3 Bd3 18. Rf2 Bc4 19. Bc2 Bxc3 20. bxc3 g6 21. Be4 h5 22. h3 Bd5 23. Bxd5 Qxd5 24. Qxd5 cxd5 25. f5 gxf5 26. gxf5 Kd7 27. Bg5 Kc6 28. fxe6 fxe6 29. Kh2 Raf8 30. Bf6 Rhg8 31. Rg2 Nc4 32. Rag1 Rxg2+ 33. Rxg2 b5 34. axb5+ Kxb5 35. Rg7 Re8 36. Rb7+ Kc6 37. Re7 Rxe7 38. Bxe7 Kd7 39. Bc5 Ke8 40. Kg3 Kf7 0-1

[Event "Pan American"]
[Site "San Felipe"]
[Date "1998.10.31"]
[Round "6"]
[White "Lesiege, Alexandre"]
[Black "Leitao, Rafael Duailibe"]
[Result "1/2-1/2"]
[WhiteElo "2525"]
[BlackElo "2550"]
[WhiteFideId "-1"]
[WhiteFideId "-1"]
[PlyCount "80"]
[GameId "1166641371934720"]
[EventDate "1998.10.25"]
[EventType "tourn"]
[EventRounds "9"]
[EventCountry "VEN"]
[EventCategory "9"]
[SourceTitle "CBM 067 Extra"]
[Source "ChessBase"]
[SourceDate "1999.01.01"]
[SourceVersion "1"]
[SourceVersionDate "1999.01.01"]
[SourceQuality "1"]

1. d4 Nf6 2. c4 e6 3. Nc3 Bb4 4. g3 c5 5. Nf3 b6 6. Bg2 Bb7 7. O-O cxd4 8. Qxd4 Nc6 9. Qd3 O-O 10. b3 d5 11. cxd5 Ne7 12. Bb2 Bxc3 13. Bxc3 Nexd5 14. Bb2 h6 15. Ne5 Qe7 16. Qd4 Rfd8 17. Qh4 Rac8 18. Rac1 Qf8 19. Nc4 b5 20. Bxf6 gxf6 21. Bxd5 Rxd5 22. Ne3 Rdc5 23. Rxc5 Qxc5 24. Qxf6 Qg5 25. Qd4 Qc5 26. Qxc5 Rxc5 27. Rd1 Rc3 28. Kf1 a5 29. Ke1 a4 30. bxa4 bxa4 31. Rb1 Bd5 32. Nxd5 exd5 33. Rd1 Rc2 34. a3 Ra2 35. Rxd5 Rxa3 36. Ra5 Ra2 37. f4 a3 38. Kf2 Ra1 39. h4 Kg7 40. Kg2 a2 1/2-1/2

[Event "Pan American"]
[Site "San Felipe"]
[Date "1998.11.03"]
[Round "8"]
[White "Lesiege, Alexandre"]
[Black "Rohl Montes, Juan Armando"]
[Result "1/2-1/2"]
[WhiteElo "2525"]
[BlackElo "2330"]
[WhiteFideId "-1"]
[WhiteFideId "-1"]
[PlyCount "84"]
[GameId "1166641371971584"]
[EventDate "1998.10.25"]
[EventType "tourn"]
[EventRounds "9"]
[EventCountry "VEN"]
[EventCategory "9"]
[SourceTitle "CBM 067 Extra"]
[Source "ChessBase"]
[SourceDate "1999.01.01"]
[SourceVersion "1"]
[SourceVersionDate "1999.01.01"]
[SourceQuality "1"]

1. d4 Nf6 2. c4 d6 3. Nc3 g6 4. e4 Bg7 5. Nf3 O-O 6. h3 e5 7. d5 Nh5 8. Nh2 Qe8 9. Be2 f5 10. exf5 Nf4 11. Bxf4 exf4 12. fxg6 Qxg6 13. Bg4 Bxg4 14. hxg4 Nd7 15. O-O Bxc3 16. bxc3 Ne5 17. Re1 Rf7 18. Nf3 Nxg4 19. Qd4 Raf8 20. Re6 Qh5 21. c5 dxc5 22. Qxc5 Rg7 23. Qd4 Nh6 24. Qe4 Nf5 25. Ne1 Nh4 26. Re5 Qg6 27. Qxg6 Nxg6 28. Re4 Rd7 29. c4 c6 30. dxc6 bxc6 31. Nf3 Rf5 32. Rb1 Ra5 33. Re6 Rc5 34. Rc1 Kf7 35. Re2 Rd3 36. Rb2 Rd7 37. Kf1 Ne5 38. Ng5+ Kg6 39. Ne6 Rxc4 40. Rxc4 Nxc4 41. Rc2 Kf5 42. Rxc4 Kxe6 1/2-1/2

[Event "Pan American"]
[Site "San Felipe"]
[Date "1998.11.04"]
[Round "9"]
[White "Garcia, Gildardo"]
[Black "Lesiege, Alexandre"]
[Result "1/2-1/2"]
[WhiteElo "2510"]
[BlackElo "2525"]
[WhiteFideId "-1"]
[WhiteFideId "-1"]
[PlyCount "39"]
[GameId "1166641371992064"]
[EventDate "1998.10.25"]
[EventType "tourn"]
[EventRounds "9"]
[EventCountry "VEN"]
[EventCategory "9"]
[SourceTitle "CBM 067 Extra"]
[Source "ChessBase"]
[SourceDate "1999.01.01"]
[SourceVersion "1"]
[SourceVersionDate "1999.01.01"]
[SourceQuality "1"]

1. e4 c5 2. Nf3 d6 3. d4 cxd4 4. Nxd4 Nf6 5. Nc3 a6 6. Be3 Nc6 7. f3 e6 8. Qd2 Be7 9. O-O-O O-O 10. g4 Nd7 11. h4 Nde5 12. Be2 Nxd4 13. Qxd4 b5 14. g5 Nc6 15. Qd2 Re8 16. Bf2 Bb7 17. f4 b4 18. Nb1 f5 19. gxf6 Bxf6 20. e5 1/2-1/2

[Event "Olympiad-33"]
[Site "Elista"]
[Date "1998.09.30"]
[Round "2.1"]
[White "Lesiege, Alexandre"]
[Black "Andersson, Ulf"]
[Result "0-1"]
[WhiteElo "2525"]
[BlackElo "2645"]
[WhiteFideId "-1"]
[WhiteFideId "-1"]
[PlyCount "122"]
[GameId "1165542785622016"]
[EventDate "1998.09.29"]
[EventType "team-swiss"]
[EventRounds "13"]
[EventCountry "RUS"]
[SourceTitle "CBM 068"]
[Source "ChessBase"]
[SourceDate "1999.02.01"]
[SourceVersion "1"]
[SourceVersionDate "1999.02.01"]
[SourceQuality "1"]
[WhiteTeam "Canada"]
[BlackTeam "Sweden"]
[WhiteTeamCountry "CAN"]
[BlackTeamCountry "SWE"]

1. d4 e6 2. c4 Nf6 3. Nc3 d5 4. Bg5 Be7 5. e3 Nbd7 6. Nf3 O-O 7. Rc1 c6 8. Bd3 h6 9. Bh4 dxc4 10. Bxc4 b5 11. Bd3 a6 12. e4 Nxe4 13. Bxe4 Bxh4 14. Bxc6 Ra7 15. O-O Be7 16. d5 Nf6 17. Qd4 Rc7 18. Rfd1 exd5 19. Nxd5 Nxd5 20. Qxd5 Be6 21. Qe4 Qc8 22. Nd4 Rd8 23. Nxe6 Rxd1+ 24. Rxd1 Rxc6 25. Nf4 Rc1 26. Qe1 Rxd1 27. Qxd1 Qc4 28. Nd5 Bc5 29. b3 Qe4 30. g3 h5 31. Nf4 g6 32. Qe2 Qxe2 33. Nxe2 Kf8 34. Kf1 Ke7 35. f3 Kd6 36. Ke1 Be3 37. Kd1 Kc5 38. Kc2 Bf2 39. Kc3 h4 40. g4 Be1+ 41. Kd3 Ba5 42. h3 Bc7 43. Nd4 Kd5 44. Ne2 Be5 45. Ke3 a5 46. Kd3 Kc5 47. Ke4 Bg7 48. Kd3 Kb4 49. Kc2 Ka3 50. Kb1 a4 51. bxa4 bxa4 52. Nf4 Kb4 53. Kc2 Kc4 54. Ne2 Be5 55. Kd2 Bc7 56. Kc2 Ba5 57. f4 Bb4 58. Ng1 Kd4 59. Nf3+ Ke4 60. Ng5+ Kxf4 61. Nxf7 Kg3 0-1

[Event "Olympiad-33"]
[Site "Elista"]
[Date "1998.10.01"]
[Round "3.2"]
[White "Lesiege, Alexandre"]
[Black "Mohr, Georg"]
[Result "1-0"]
[WhiteElo "2525"]
[BlackElo "2470"]
[WhiteFideId "-1"]
[WhiteFideId "-1"]
[PlyCount "81"]
[GameId "1166641286598656"]
[EventDate "1998.09.29"]
[EventType "team-swiss"]
[EventRounds "13"]
[EventCountry "RUS"]
[SourceTitle "CBM 068"]
[Source "ChessBase"]
[SourceDate "1999.02.01"]
[SourceVersion "1"]
[SourceVersionDate "1999.02.01"]
[SourceQuality "1"]
[WhiteTeam "Canada"]
[BlackTeam "Slovenia"]
[WhiteTeamCountry "CAN"]
[BlackTeamCountry "SLO"]

1. c4 e5 2. Nc3 Nc6 3. g3 g6 4. Bg2 Bg7 5. d3 d6 6. Rb1 a5 7. a3 f5 8. e3 Nf6 9. Nge2 Be6 10. Nd5 Bf7 11. Nec3 O-O 12. O-O Rb8 13. Qa4 Nd7 14. b4 axb4 15. axb4 Ne7 16. b5 Nxd5 17. Nxd5 Nc5 18. Qc2 Qd7 19. Ba3 Kh8 20. Rfd1 Rfe8 21. b6 c6 22. Nc7 Rec8 23. d4 exd4 24. exd4 Ne4 25. Bxe4 fxe4 26. d5 cxd5 27. cxd5 g5 28. Qxe4 Bg6 29. Qe6 Rd8 30. Rbc1 Be5 31. Qxd7 Rxd7 32. Bb4 Kg7 33. Ne6+ Kf6 34. f4 gxf4 35. gxf4 Bb2 36. Rc7 Rxc7 37. bxc7 Rg8 38. Kf2 Bf5 39. Bxd6 Bxe6 40. dxe6 Kxe6 41. Bc5 1-0

[Event "Olympiad-33"]
[Site "Elista"]
[Date "1998.10.02"]
[Round "4.2"]
[White "Vera Gonzalez Quevedo, Reynaldo"]
[Black "Lesiege, Alexandre"]
[Result "1-0"]
[WhiteElo "2530"]
[BlackElo "2525"]
[WhiteFideId "-1"]
[WhiteFideId "-1"]
[PlyCount "73"]
[GameId "1166641287483392"]
[EventDate "1998.09.29"]
[EventType "team-swiss"]
[EventRounds "13"]
[EventCountry "RUS"]
[SourceTitle "CBM 068"]
[Source "ChessBase"]
[SourceDate "1999.02.01"]
[SourceVersion "1"]
[SourceVersionDate "1999.02.01"]
[SourceQuality "1"]
[WhiteTeam "Cuba"]
[BlackTeam "Canada"]
[WhiteTeamCountry "CUB"]
[BlackTeamCountry "CAN"]

1. d4 d5 2. c4 dxc4 3. e3 Nf6 4. Bxc4 e6 5. Nf3 c5 6. Qe2 a6 7. dxc5 Bxc5 8. O-O Qc7 9. b3 Nbd7 10. Bb2 Bd6 11. Rc1 Qb8 12. Nbd2 b5 13. Bd3 Bb7 14. a4 b4 15. Rc2 O-O 16. Rac1 Rd8 17. h3 Ne5 18. Nxe5 Bxe5 19. Bxe5 Qxe5 20. Rc7 Rab8 21. e4 h6 22. Nf3 Qf4 23. g3 Qd6 24. Bb1 Ba8 25. Qe3 Nd7 26. Qa7 f5 27. Qe3 e5 28. exf5 Qd5 29. Kg2 Nf6 30. R7c5 Qb7 31. Rxe5 Re8 32. Rcc5 Kf8 33. Bd3 Nd7 34. Be4 Nxe5 35. Bxb7 Nxf3 36. Bxf3 Rxe3 37. fxe3 1-0

[Event "Olympiad-33"]
[Site "Elista"]
[Date "1998.10.03"]
[Round "5.2"]
[White "Lesiege, Alexandre"]
[Black "Ortiz, Waldemar"]
[Result "1-0"]
[WhiteElo "2525"]
[BlackElo "2125"]
[WhiteFideId "-1"]
[WhiteFideId "-1"]
[PlyCount "33"]
[GameId "1166641288339456"]
[EventDate "1998.09.29"]
[EventType "team-swiss"]
[EventRounds "13"]
[EventCountry "RUS"]
[SourceTitle "CBM 068"]
[Source "ChessBase"]
[SourceDate "1999.02.01"]
[SourceVersion "1"]
[SourceVersionDate "1999.02.01"]
[SourceQuality "1"]
[WhiteTeam "Canada"]
[BlackTeam "Puerto Rico"]
[WhiteTeamCountry "CAN"]
[BlackTeamCountry "PUR"]

1. d4 Nf6 2. c4 c5 3. Nf3 cxd4 4. Nxd4 e5 5. Nb5 d5 6. cxd5 Bc5 7. e3 a6 8. N5c3 O-O 9. a3 e4 10. Nd2 Re8 11. Be2 Bf5 12. b4 Bd6 13. Nc4 b5 14. Nxd6 Qxd6 15. Bb2 Nbd7 16. g4 Bg6 17. g5 1-0

[Event "Olympiad-33"]
[Site "Elista"]
[Date "1998.10.05"]
[Round "7.2"]
[White "Lalic, Bogdan"]
[Black "Lesiege, Alexandre"]
[Result "1/2-1/2"]
[WhiteElo "2560"]
[BlackElo "2525"]
[WhiteFideId "-1"]
[WhiteFideId "-1"]
[PlyCount "29"]
[GameId "1166641290035200"]
[EventDate "1998.09.29"]
[EventType "team-swiss"]
[EventRounds "13"]
[EventCountry "RUS"]
[SourceTitle "CBM 068"]
[Source "ChessBase"]
[SourceDate "1999.02.01"]
[SourceVersion "1"]
[SourceVersionDate "1999.02.01"]
[SourceQuality "1"]
[WhiteTeam "Croatia"]
[BlackTeam "Canada"]
[WhiteTeamCountry "CRO"]
[BlackTeamCountry "CAN"]

1. d4 Nf6 2. c4 e6 3. Nc3 Bb4 4. Qc2 O-O 5. e4 d5 6. e5 Ne4 7. Bd3 c5 8. cxd5 exd5 9. Nge2 Nc6 10. O-O Bf5 11. Nxe4 dxe4 12. Bxe4 Nxd4 13. Nxd4 Bxe4 14. Qxe4 Qxd4 15. Qxb7 1/2-1/2

[Event "Olympiad-33"]
[Site "Elista"]
[Date "1998.10.07"]
[Round "9.2"]
[White "Fierro Baquero, Martha Lorena"]
[Black "Lesiege, Alexandre"]
[Result "0-1"]
[WhiteElo "2240"]
[BlackElo "2525"]
[WhiteFideId "-1"]
[WhiteFideId "-1"]
[PlyCount "44"]
[GameId "1166641291739136"]
[EventDate "1998.09.29"]
[EventType "team-swiss"]
[EventRounds "13"]
[EventCountry "RUS"]
[SourceTitle "CBM 068"]
[Source "ChessBase"]
[SourceDate "1999.02.01"]
[SourceVersion "1"]
[SourceVersionDate "1999.02.01"]
[SourceQuality "1"]
[WhiteTeam "Ecuador"]
[BlackTeam "Canada"]
[WhiteTeamCountry "ECU"]
[BlackTeamCountry "CAN"]

1. e4 c5 2. Nf3 d6 3. Bb5+ Bd7 4. a4 Nc6 5. O-O a6 6. Bc4 Nf6 7. Re1 Bg4 8. c3 e6 9. h3 Bh5 10. d3 Be7 11. Nbd2 d5 12. exd5 Nxd5 13. Nf1 O-O 14. Ng3 Bg6 15. Ne4 Qc7 16. Bg5 Bxg5 17. Nfxg5 Na5 18. Qe2 Rad8 19. Rad1 Qc6 20. Nf3 Nxc4 21. dxc4 Nf4 22. Qe3 Rxd1 0-1

[Event "Olympiad-33"]
[Site "Elista"]
[Date "1998.10.09"]
[Round "10.2"]
[White "Giorgadze, Giorgi"]
[Black "Lesiege, Alexandre"]
[Result "1/2-1/2"]
[WhiteElo "2610"]
[BlackElo "2525"]
[WhiteFideId "-1"]
[WhiteFideId "-1"]
[PlyCount "90"]
[GameId "1166641292623872"]
[EventDate "1998.09.29"]
[EventType "team-swiss"]
[EventRounds "13"]
[EventCountry "RUS"]
[SourceTitle "CBM 068"]
[Source "ChessBase"]
[SourceDate "1999.02.01"]
[SourceVersion "1"]
[SourceVersionDate "1999.02.01"]
[SourceQuality "1"]
[WhiteTeam "Georgia"]
[BlackTeam "Canada"]
[WhiteTeamCountry "GEO"]
[BlackTeamCountry "CAN"]

1. d4 Nf6 2. c4 e6 3. Nc3 Bb4 4. e3 O-O 5. Bd3 d5 6. Nf3 c5 7. O-O Nc6 8. a3 Bxc3 9. bxc3 dxc4 10. Bxc4 Qc7 11. Bb2 e5 12. dxe5 Nxe5 13. Be2 Rd8 14. Qc2 Nfg4 15. Nxe5 Qxe5 16. g3 Bf5 17. Qc1 c4 18. Bxc4 Nxh2 19. Kxh2 Bg4 20. f3 Qh5+ 21. Kg2 Qh3+ 22. Kf2 Qh2+ 23. Ke1 Qxg3+ 24. Rf2 Bxf3 25. Qc2 Rd6 26. Be2 Rad8 27. Bxf3 Rd2 28. Qxd2 Rxd2 29. Kxd2 Qxf2+ 30. Be2 h5 31. c4 Qg2 32. Rf1 f6 33. Rf4 Qh2 34. Bd4 h4 35. Rg4 Kf7 36. Ke1 h3 37. Bf3 g5 38. Be4 Qa2 39. Rg3 h2 40. Rh3 g4 41. Rh7+ Ke6 42. Rh6 g3 43. Rxf6+ Ke7 44. Rh6 Qf2+ 45. Kd1 g2 1/2-1/2

[Event "Olympiad-33"]
[Site "Elista"]
[Date "1998.10.10"]
[Round "11.2"]
[White "Lesiege, Alexandre"]
[Black "Thorhallsson, Throstur"]
[Result "1-0"]
[WhiteElo "2525"]
[BlackElo "2495"]
[WhiteFideId "-1"]
[WhiteFideId "-1"]
[PlyCount "79"]
[GameId "1166641293443072"]
[EventDate "1998.09.29"]
[EventType "team-swiss"]
[EventRounds "13"]
[EventCountry "RUS"]
[SourceTitle "CBM 068"]
[Source "ChessBase"]
[SourceDate "1999.02.01"]
[SourceVersion "1"]
[SourceVersionDate "1999.02.01"]
[SourceQuality "1"]
[WhiteTeam "Canada"]
[BlackTeam "Iceland"]
[WhiteTeamCountry "CAN"]
[BlackTeamCountry "ISL"]

1. d4 Nf6 2. c4 c5 3. e3 cxd4 4. exd4 d5 5. Nc3 e6 6. Nf3 Bb4 7. Bd3 dxc4 8. Bxc4 O-O 9. O-O b6 10. Ne5 Bb7 11. Bg5 Be7 12. Re1 Nc6 13. Ba6 Qc8 14. Qf3 Na5 15. Bxb7 Qxb7 16. Qxb7 Nxb7 17. Nc6 Bd6 18. Bxf6 gxf6 19. d5 exd5 20. Nxd5 Kg7 21. Rad1 Rfe8 22. Rxe8 Rxe8 23. Kf1 Rc8 24. Nxa7 Rc2 25. Ne3 Rc5 26. b4 Rh5 27. g4 Rxh2 28. Kg1 Bf4 29. Nf5+ Kg6 30. Rd7 h5 31. Nc6 hxg4 32. Nce7+ Kg5 33. Rxb7 Rh3 34. Rxb6 Ra3 35. Nd6 g3 36. Ne4+ Kg4 37. Rxf6 Rxa2 38. Nd5 Bb8 39. Ne3+ Kh5 40. fxg3 1-0

[Event "Olympiad-33"]
[Site "Elista"]
[Date "1998.10.11"]
[Round "12.1"]
[White "Sorokin, Maxim"]
[Black "Lesiege, Alexandre"]
[Result "1-0"]
[WhiteElo "2570"]
[BlackElo "2525"]
[WhiteFideId "-1"]
[WhiteFideId "-1"]
[PlyCount "66"]
[GameId "1166641294102528"]
[EventDate "1998.09.29"]
[EventType "team-swiss"]
[EventRounds "13"]
[EventCountry "RUS"]
[SourceTitle "CBM 068"]
[Source "ChessBase"]
[SourceDate "1999.02.01"]
[SourceVersion "1"]
[SourceVersionDate "1999.02.01"]
[SourceQuality "1"]
[WhiteTeam "Argentina"]
[BlackTeam "Canada"]
[WhiteTeamCountry "ARG"]
[BlackTeamCountry "CAN"]

1. Nf3 c5 2. c4 Nf6 3. Nc3 Nc6 4. g3 d5 5. d4 dxc4 6. d5 Nb4 7. e4 e6 8. Bxc4 exd5 9. exd5 Bd6 10. a3 Na6 11. Qe2+ Qe7 12. Qxe7+ Kxe7 13. O-O Rd8 14. Nb5 Bb8 15. Ng5 Kf8 16. d6 Bd7 17. a4 Be8 18. Bf4 h6 19. Nf3 Bxb5 20. axb5 Nb4 21. Rad1 a6 22. bxa6 bxa6 23. Ne5 Re8 24. Nxf7 Ra7 25. Ne5 g5 26. d7 Rd8 27. Nf7 Rdxd7 28. Bxb8 Rxf7 29. Bxf7 Rb7 30. Bd6+ Kxf7 31. Bxc5 Nc6 32. Rfe1 Rxb2 33. Rd6 Nb8 1-0

[Event "Montreal m"]
[Site "Montreal CAN"]
[Date "1998.09.04"]
[Round "1"]
[White "Teplitsky, Yan"]
[Black "Lesiege, Alexandre"]
[Result "1/2-1/2"]
[WhiteElo "2553"]
[BlackElo "2602"]
[WhiteFideId "-1"]
[WhiteFideId "-1"]
[PlyCount "55"]
[GameId "2160767911806466"]
[EventDate "1998.09.04"]
[EventType "match"]
[EventRounds "4"]
[EventCountry "CAN"]
[SourceTitle "Echec+ 1998.11"]

1. c4 c5 2. Nf3 Nf6 3. Nc3 Nc6 4. g3 g6 5. Bg2 Bg7 6. d4 cxd4 7. Nxd4 O-O 8. O-O Ng4 9. e3 Nxd4 10. exd4 Nh6 11. Bxh6 Bxh6 12. b4 Bg7 13. Rc1 Rb8 14. c5 d6 15. b5 Qa5 16. Nd5 e6 17. Ne7+ Kh8 18. cxd6 Bd7 19. Nc6 bxc6 20. bxc6 Rb6 21. Qc2 Rd8 22. cxd7 Rxd6 23. Bc6 Bxd4 24. Qe2 Kg7 25. Rc2 e5 26. Qb5 Qxb5 27. Bxb5 Kf6 28. Rfc1 1/2-1/2

[Event "Montreal m"]
[Site "Montreal CAN"]
[Date "1998.09.05"]
[Round "2"]
[White "Lesiege, Alexandre"]
[Black "Teplitsky, Yan"]
[Result "1/2-1/2"]
[WhiteElo "2602"]
[BlackElo "2553"]
[WhiteFideId "-1"]
[WhiteFideId "-1"]
[PlyCount "53"]
[GameId "2160767911806467"]
[EventDate "1998.09.04"]
[EventType "match"]
[EventRounds "4"]
[EventCountry "CAN"]
[SourceTitle "Echec+ 1998.11"]

1. d4 Nf6 2. c4 e6 3. Nc3 Bb4 4. e3 c5 5. Nge2 d5 6. a3 Bxc3+ 7. Nxc3 cxd4 8. exd4 dxc4 9. Bxc4 Nc6 10. Be3 O-O 11. O-O b6 12. Qb3 Bb7 13. Rad1 h6 14. Bf4 Nh5 15. Bc1 Qh4 16. Rfe1 Ne7 17. d5 Nxd5 18. Nxd5 exd5 19. Bxd5 Bxd5 20. Qxd5 Rad8 21. Qf3 Nf6 22. Bf4 Qg4 23. Qxg4 Nxg4 24. f3 Nf6 25. Kf2 Nd5 26. Bg3 Rd7 27. Re4 1/2-1/2

[Event "Montreal m"]
[Site "Montreal CAN"]
[Date "1998.09.06"]
[Round "3"]
[White "Teplitsky, Yan"]
[Black "Lesiege, Alexandre"]
[Result "1/2-1/2"]
[WhiteElo "2553"]
[BlackElo "2602"]
[WhiteFideId "-1"]
[WhiteFideId "-1"]
[PlyCount "152"]
[GameId "2160767911806468"]
[EventDate "1998.09.04"]
[EventType "match"]
[EventRounds "4"]
[EventCountry "CAN"]
[SourceTitle "Echec+ 1998.11"]

1. c4 c5 2. Nf3 Nc6 3. d4 cxd4 4. Nxd4 Nf6 5. Nc3 e5 6. Ndb5 d6 7. Bg5 a6 8. Na3 Be7 9. Bxf6 Bxf6 10. e3 e4 11. Qd2 Bf5 12. Be2 O-O 13. Nd5 Be5 14. O-O-O b5 15. Kb1 Ne7 16. Nc2 Be6 17. Ncb4 bxc4 18. Bxc4 Rc8 19. Rc1 Nxd5 20. Bxd5 Qa5 21. a3 Qb5 22. Rxc8 Rxc8 23. Rc1 Rb8 24. Bxe6 fxe6 25. f4 exf3 26. gxf3 a5 27. Nd3 Qd5 28. Rc2 Bf6 29. Qe2 Qb3 30. Nc1 Qb7 31. Qd2 d5 32. f4 h6 33. Qe2 Qb6 34. Qd2 Qb5 35. Qg2 Qa4 36. Qe2 Qe4 37. Qd3 Qxd3 38. Nxd3 Rb3 39. Rd2 Kf7 40. Kc2 a4 41. Kd1 Kg6 42. Ke2 Kf5 43. Nc5 Rxb2 44. Rxb2 Bxb2 45. Nxa4 Bxa3 46. Kf3 g5 47. fxg5 hxg5 48. h3 e5 49. Nc3 e4+ 50. Kf2 Ke5 51. Ne2 Bc5 52. Ng3 Ba3 53. Ne2 Bb2 54. Ng3 Kf6 55. Ne2 Kf5 56. Ng3+ Kg6 57. Ne2 Be5 58. Kg2 Kh5 59. Kf2 Kg6 60. Kg2 Kf5 61. Kf2 Ke6 62. Ke1 Kd6 63. Kd2 Kc5 64. Kc2 Kc4 65. Kd2 Kb3 66. Nc1+ Kb2 67. Ne2 Kb1 68. Kd1 Kb2 69. Kd2 Bf6 70. Ng3 Bc3+ 71. Kd1 Be5 72. Ne2 Bd6 73. Nd4 Be5 74. Nf5 Kc3 75. Ke2 Kc4 76. h4 gxh4 1/2-1/2